[Event "GER-chT U20 Girls"]
[Site "Braunschweig"]
[Date "2019.12.29"]
[Round "5.2"]
[White "Sherif, Amina"]
[Black "Peglau, Charis"]
[Result "1/2-1/2"]
[WhiteElo "1945"]
[BlackElo "1728"]
[PlyCount "91"]
[EventDate "2019.12.27"]
[EventType "team-swiss"]
[EventRounds "7"]
[EventCountry "GER"]
[SourceTitle "CBM 194 Extra"]
[Source "ChessBase"]
[SourceDate "2020.03.31"]
[SourceVersion "1"]
[SourceVersionDate "2020.03.31"]
[SourceQuality "1"]
[WhiteTeam "Harksheide"]
[BlackTeam "Seeblick"]
[WhiteTeamCountry "GER"]
[BlackTeamCountry "GER"]

1. Nf3 d5 2. g3 Nf6 3. Bg2 Bf5 4. 0-0 e6 5. d3 Bd6 6. Nbd2 0-0 7. Re1 Bg6 8. e4 dxe4 9. dxe4 Bc5 10. Qe2 c6 11. h3 h6 12. b3 Qc7 13. Kh2 Nbd7 14. Bb2 Rfd8 15. a3 a5 16. e5 Nd5 17. c4 Ne7 18. Nh4 Bh7 19. Ne4 Bxe4 20. Bxe4 Nf8 21. Rad1 Qb6 22. Bc2 Rxd1 23. Rxd1 Rd8 24. Rxd8 Qxd8 25. Nf3 Neg6 26. Kg2 Qd7 27. h4 b5 28. Qe4 Ne7 29. h5 Bb6 30. Bc3 Qa7 31. Qe2 bxc4 32. bxc4 Bc5 33. Bb2 Qb6 34. Qd2 Kh8 35. Bc3 Bxa3 36. Bxa5 Qb8 37. Bc3 Bc5 38. Qf4 Kg8 39. Nh2 Qc8 40. Ng4 Nf5 41. Be4 Nh7 42. Qd2 Ng5 43. Bc2 Bb6 44. Bb2 Qb7 45. Nh2 c5+ 46. f3 1/2-1/2

[Event "GER-chT U20 Girls"]
[Site "Braunschweig"]
[Date "2019.12.29"]
[Round "6.2"]
[White "Sokolowski, Judith"]
[Black "Sherif, Amina"]
[Result "1-0"]
[WhiteElo "1722"]
[BlackElo "1945"]
[PlyCount "45"]
[EventDate "2019.12.27"]
[EventType "team-swiss"]
[EventRounds "7"]
[EventCountry "GER"]
[SourceTitle "CBM 194 Extra"]
[Source "ChessBase"]
[SourceDate "2020.03.31"]
[SourceVersion "1"]
[SourceVersionDate "2020.03.31"]
[SourceQuality "1"]
[WhiteTeam "Duesseldorf SK"]
[BlackTeam "Harksheide"]
[WhiteTeamCountry "GER"]
[BlackTeamCountry "GER"]

1. e4 g6 2. d4 Bg7 3. Nc3 c6 4. Be3 d5 5. e5 f6 6. f4 Nh6 7. Be2 0-0 8. Qd2 Ng4 9. 0-0-0 fxe5 10. fxe5 Nxe3 11. Qxe3 e6 12. Nf3 Nd7 13. h4 c5 14. dxc5 Qc7 15. h5 Nxe5 16. hxg6 Nxg6 17. Kb1 Qf4 18. Qd3 Bd7 19. Nxd5 exd5 20. Qxd5+ Qf7 21. Qxd7 Qf6 22. Bc4+ Kh8 23. Rxh7+ 1-0

[Event "GER-chT U20 Girls"]
[Site "Braunschweig"]
[Date "2019.12.27"]
[Round "2.2"]
[White "Moeller, Hannah Sophie"]
[Black "Sherif, Amina"]
[Result "1-0"]
[WhiteElo "1832"]
[BlackElo "1945"]
[PlyCount "79"]
[EventDate "2019.12.27"]
[EventType "team-swiss"]
[EventRounds "7"]
[EventCountry "GER"]
[SourceTitle "CBM 194 Extra"]
[Source "ChessBase"]
[SourceDate "2020.03.31"]
[SourceVersion "1"]
[SourceVersionDate "2020.03.31"]
[SourceQuality "1"]
[WhiteTeam "Lingen"]
[BlackTeam "Harksheide"]
[WhiteTeamCountry "GER"]
[BlackTeamCountry "GER"]

1. Nf3 d6 2. d4 Nf6 3. g3 Nbd7 4. Bg2 e5 5. dxe5 dxe5 6. 0-0 Be7 7. c4 0-0 8. Nc3 c6 9. a3 Qc7 10. Qc2 Re8 11. b4 Nb6 12. c5 Nbd5 13. Bb2 Bf8 14. e4 Ne7 15. Nd1 Ng6 16. Ne3 b6 17. cxb6 axb6 18. Rfd1 c5 19. bxc5 Bxc5 20. Nd2 Ra7 21. Qc3 Qb7 22. Nd5 Nxd5 23. exd5 Bg4 24. Re1 Qd7 25. Nb3 Bd6 26. Qc6 Qe7 27. Qxb6 Rb7 28. Qe3 Reb8 29. Na5 Rxb2 30. Nc6 Qc7 31. Nxb8 Qxb8 32. a4 Qb4 33. Rec1 Re2 34. Qc3 Qb6 35. Rf1 e4 36. Qc6 Qxc6 37. dxc6 Bc8 38. c7 Ne5 39. Rad1 Be7 40. Rd8+ 1-0

[Event "Olympiad Women-43"]
[Site "Batumi"]
[Date "2018.09.26"]
[Round "3.23"]
[White "Sherif, Amina"]
[Black "Morales Flores, Monserrat"]
[Result "1/2-1/2"]
[WhiteElo "1946"]
[BlackElo "1935"]
[PlyCount "60"]
[EventDate "2018.09.24"]
[EventType "team-swiss"]
[EventRounds "11"]
[EventCountry "GEO"]
[SourceTitle "EXT 2020"]
[Source "ChessBase"]
[SourceDate "2019.10.17"]
[SourceVersion "1"]
[SourceVersionDate "2019.10.17"]
[SourceQuality "1"]
[WhiteTeam "Egypt (W)"]
[BlackTeam "Chile (W)"]
[WhiteTeamCountry "EGY"]
[BlackTeamCountry "CHI"]

1. e4 c5 2. Nf3 e6 3. d3 d6 4. g3 g6 5. Bg2 Bg7 6. 0-0 Ne7 7. c3 Nbc6 8. d4 cxd4 9. cxd4 0-0 10. Nc3 a6 11. d5 Na7 12. Qb3 exd5 13. exd5 Nb5 14. Nxb5 axb5 15. Bd2 Bd7 16. Rac1 Nf5 17. Bc3 Rc8 18. Rfe1 Bxc3 19. Rxc3 Qf6 20. Rec1 Nd4 21. Nxd4 Qxd4 22. Rxc8 Rxc8 23. Rxc8+ Bxc8 24. Qxb5 Qd1+ 25. Bf1 Bh3 26. Qe2 Qc1 27. b3 Qb1 28. f4 Bxf1 29. Qxf1 Qxa2 30. Qc4 Qa1+ 1/2-1/2

[Event "Africa-ch (Women)"]
[Site "Livingstone"]
[Date "2018.05.19"]
[Round "8"]
[White "Latreche, Sabrina"]
[Black "Sherif, Amina"]
[Result "1/2-1/2"]
[WhiteElo "2043"]
[BlackElo "1955"]
[PlyCount "63"]
[EventDate "2018.05.13"]
[EventType "swiss"]
[EventRounds "9"]
[EventCountry "ZAM"]
[SourceTitle "CBM 184 Extra"]
[Source "ChessBase"]
[SourceDate "2018.06.28"]
[SourceVersion "1"]
[SourceVersionDate "2018.06.28"]
[SourceQuality "1"]

1. e4 c5 2. Nf3 e6 3. d3 d5 4. Nbd2 Nc6 5. g3 Nf6 6. Bg2 Be7 7. 0-0 Qc7 8. Re1 b6 9. e5 Nd7 10. Qe2 Bb7 11. c3 g5 12. h3 0-0-0 13. Nf1 Ba6 14. Nxg5 Ncxe5 15. Nxf7 Nxf7 16. Qxe6 Nd6 17. Qxe7 Rhe8 18. Bf4 Rxe7 19. Rxe7 Bxd3 20. Bxd5 c4 21. Ne3 Qc5 22. b4 cxb3 23. axb3 Nb5 24. Re6 Nb8 25. c4 Nc3 26. Rxa7 Ne2+ 27. Kh2 Nxf4 28. Bb7+ Kd7 29. Bd5+ Kc8 30. Bb7+ Kd7 31. Bd5+ Kc8 32. Bb7+ 1/2-1/2

[Event "Africa-ch (Women)"]
[Site "Livingstone"]
[Date "2018.05.16"]
[Round "5"]
[White "Sherif, Amina"]
[Black "Botlhole, Kgalalelo"]
[Result "1-0"]
[WhiteElo "1955"]
[BlackElo "1728"]
[PlyCount "103"]
[EventDate "2018.05.13"]
[EventType "swiss"]
[EventRounds "9"]
[EventCountry "ZAM"]
[SourceTitle "CBM 184 Extra"]
[Source "ChessBase"]
[SourceDate "2018.06.28"]
[SourceVersion "1"]
[SourceVersionDate "2018.06.28"]
[SourceQuality "1"]

1. e4 e5 2. Nf3 Nc6 3. Bb5 Nf6 4. d3 Bc5 5. 0-0 d6 6. c3 0-0 7. h3 h6 8. Re1 a6 9. Ba4 Ne7 10. d4 exd4 11. cxd4 Bb4 12. Bd2 Bxd2 13. Nbxd2 Ng6 14. Bc2 Re8 15. Nf1 c6 16. Ng3 Qb6 17. Qd2 Be6 18. a3 Rad8 19. b4 Ra8 20. Bd3 a5 21. Reb1 axb4 22. Rxb4 Qc7 23. Qb2 Re7 24. Rb6 Rae8 25. Rb1 Bc8 26. Qd2 Nd7 27. R6b2 Nf6 28. a4 Qd8 29. Ne1 h5 30. Nc2 h4 31. Nf5 Rc7 32. Qg5 Nh7 33. Qd2 Nf6 34. f3 c5 35. Nce3 Nf4 36. Bb5 Rf8 37. Nc4 Bxf5 38. Qxf4 d5 39. Qxf5 dxc4 40. d5 c3 41. Rc2 g6 42. Qg5 Kg7 43. Rxc3 Rh8 44. Rd1 Rh5 45. Qe3 b6 46. Rb1 Qd6 47. Bc6 Re7 48. Qf2 Qe5 49. Qd2 Qg3 50. Rd3 Rg5 51. d6 Ra7 52. f4 1-0

[Event "Wch U18 Girls"]
[Site "Montevideo"]
[Date "2017.09.19"]
[Round "4"]
[White "Dogan, Sevval"]
[Black "Sherif, Amina"]
[Result "0-1"]
[WhiteElo "1810"]
[BlackElo "1993"]
[PlyCount "134"]
[EventDate "2017.09.17"]
[EventType "swiss"]
[EventRounds "11"]
[EventCountry "URU"]
[SourceTitle "CBM 180 Extra"]
[Source "ChessBase"]
[SourceDate "2017.10.06"]
[SourceVersion "1"]
[SourceVersionDate "2017.10.06"]
[SourceQuality "1"]

1. e4 c5 2. Nf3 e6 3. c3 Nf6 4. e5 Nd5 5. d4 cxd4 6. cxd4 Nc6 7. a3 d6 8. Bd3 Qc7 9. Qe2 Nxd4 10. Qd1 Nxf3+ 11. gxf3 dxe5 12. 0-0 Bd6 13. Be4 Nf4 14. Nc3 Qe7 15. Bxf4 exf4 16. Kh1 0-0 17. Rc1 a6 18. Na4 f5 19. Bb1 Bd7 20. Nb6 Bc6 21. Nxa8 Rxa8 22. Re1 Rf8 23. Qe2 Bd7 24. Ba2 Rf6 25. Rg1 Rh6 26. Rg2 Bc5 27. Qe5 Bd6 28. Qxf5 Rf6 29. Qd3 Bb8 30. Rd1 Bc6 31. Qd8+ Qf8 32. Qd3 Bc7 33. Re1 Qe7 34. Bb1 g6 35. Ba2 Kg7 36. Rd1 e5 37. Re1 e4 38. Qc4 Qd8 39. fxe4 f3 40. Rgg1 Rf4 41. Qc3+ Kh6 42. e5 Bb6 43. Qc2 Qh4 44. Rg3 Rf5 45. Bb1 Qd4 46. Rf1 Qxe5 47. Qc1+ Rf4 48. Rg4 Be3 49. Qxe3 Qxe3 50. fxe3 Rxg4 51. e4 Bxe4 52. Bxe4 Rxe4 53. Rxf3 Re1+ 54. Kg2 Re2+ 55. Rf2 Rxf2+ 56. Kxf2 Kg5 57. Kg3 h5 58. h4+ Kf5 59. Kf3 g5 60. hxg5 Kxg5 61. Kg3 h4+ 62. Kh3 Kh5 63. a4 a5 64. b3 Kg5 65. Kh2 Kg4 66. Kg2 h3+ 67. Kh2 Kh4 0-1

[Event "Wch U18 Girls"]
[Site "Montevideo"]
[Date "2017.09.18"]
[Round "3"]
[White "Sherif, Amina"]
[Black "Di Benedetto, Desiree"]
[Result "0-1"]
[WhiteElo "1993"]
[BlackElo "2246"]
[PlyCount "76"]
[EventDate "2017.09.17"]
[EventType "swiss"]
[EventRounds "11"]
[EventCountry "URU"]
[SourceTitle "CBM 180 Extra"]
[Source "ChessBase"]
[SourceDate "2017.10.06"]
[SourceVersion "1"]
[SourceVersionDate "2017.10.06"]
[SourceQuality "1"]

1. d4 d5 2. Nf3 Nf6 3. e3 c5 4. Bd3 Nc6 5. b3 cxd4 6. exd4 Bg4 7. Bb2 e6 8. 0-0 Bd6 9. Nbd2 0-0 10. Re1 Nb4 11. Nf1 Rc8 12. c4 Nxd3 13. Qxd3 dxc4 14. bxc4 Bxf3 15. gxf3 Nh5 16. Ng3 Nf4 17. Qc3 Qh4 18. Kh1 Qh3 19. Rg1 Ne2 20. Qc2 Bxg3 21. fxg3 Nxg1 22. Kxg1 Qh5 23. Qd3 Qg6 24. Qb3 h5 25. Rc1 h4 26. Kf2 Qh6 27. Kg1 h3 28. Qd3 Rfd8 29. Re1 Qh7 30. Re4 Qf5 31. Qe2 Rc6 32. g4 Qa5 33. a3 Rdc8 34. d5 exd5 35. Re8+ Rxe8 36. Qxe8+ Kh7 37. Qe5 Rg6 38. cxd5 Qd2 0-1

[Event "GER-chT Federal Cup (Women)"]
[Site "Braunfels"]
[Date "2017.06.18"]
[Round "5.4"]
[White "Sherif, Amina"]
[Black "Scognamiglio, Stefanie"]
[Result "0-1"]
[WhiteElo "1987"]
[BlackElo "2076"]
[PlyCount "110"]
[EventDate "2017.06.15"]
[EventType "team-swiss"]
[EventRounds "5"]
[EventCountry "GER"]
[SourceTitle "CBM 179 Extra"]
[Source "ChessBase"]
[SourceDate "2017.08.23"]
[SourceVersion "1"]
[SourceVersionDate "2017.08.23"]
[SourceQuality "1"]
[WhiteTeam "Nordrhein Westfalen (W)"]
[BlackTeam "Hamburg (W)"]
[WhiteTeamCountry "GER"]
[BlackTeamCountry "GER"]

1. d4 Nf6 2. Nf3 g6 3. g3 Bg7 4. Bg2 0-0 5. 0-0 d6 6. Nc3 c6 7. e4 Qc7 8. h3 Nbd7 9. Be3 b5 10. a3 Nb6 11. Qe2 a6 12. Rad1 Rb8 13. Nd2 a5 14. f4 b4 15. Ncb1 bxa3 16. bxa3 Na4 17. Nb3 d5 18. e5 Ne4 19. Qf3 Ba6 20. Rfe1 Nb2 21. Rc1 a4 22. N3d2 f5 23. exf6 Nxf6 24. Nc3 Ne8 25. Bf2 Nd6 26. Qe3 Nf5 27. Qe6+ Kh8 28. Nxd5 cxd5 29. Qxa6 Nxd4 30. Bxd5 Nb5 31. Qe6 Nc3 32. Bg2 Qd6 33. Nf3 Rfd8 34. Qxe7 Qxe7 35. Rxe7 Nbd1 36. Ng5 Re8 37. Rxe8+ Rxe8 38. Bf3 Nxf2 39. Kxf2 Bd4+ 40. Kf1 h6 41. Nf7+ Kg7 42. Nd6 Re3 43. Kg2 Kf6 44. g4 Ne2 45. Rd1 Nxf4+ 46. Kg3 Ne6 47. Ne4+ Ke7 48. Rd3 Re1 49. Nc3 Rg1+ 50. Kh2 Rc1 51. Nd5+ Kf7 52. Nb4 Be5+ 53. Kg2 Nf4+ 54. Kf2 Nxd3+ 55. cxd3 Rc3 0-1

[Event "BL 1617 (Women)"]
[Site "Germany"]
[Date "2017.04.30"]
[Round "10.3"]
[White "Sherif, Amina"]
[Black "Anisheva, Varvara"]
[Result "1-0"]
[WhiteElo "1980"]
[BlackElo "2132"]
[PlyCount "113"]
[EventDate "2016.10.22"]
[EventType "team-tourn"]
[EventRounds "11"]
[EventCountry "GER"]
[SourceTitle "EXT 2018"]
[Source "ChessBase"]
[SourceDate "2017.10.13"]
[SourceVersion "1"]
[SourceVersionDate "2017.10.13"]
[SourceQuality "1"]
[WhiteTeam "Harksheide (W)"]
[BlackTeam "Erfurt Medizin (W)"]
[WhiteTeamCountry "GER"]
[BlackTeamCountry "GER"]

1. d4 Nf6 2. Nf3 g6 3. g3 Bg7 4. Bg2 0-0 5. c4 c5 6. Nc3 cxd4 7. Nxd4 Nc6 8. 0-0 Qb6 9. Nc2 d6 10. h3 Qc5 11. b3 Qh5 12. h4 Qa5 13. Bb2 Nh5 14. Qd2 Be6 15. Rfd1 Kh8 16. Ne3 f5 17. Ned5 a6 18. e3 Rac8 19. Rac1 Rfe8 20. Qe2 Bf7 21. Na4 Bxd5 22. Rxd5 Qc7 23. Ba3 Nf6 24. Rdd1 b6 25. Nc3 Qa7 26. e4 fxe4 27. Nxe4 Nxe4 28. Qxe4 Ne5 29. Bh3 Rcd8 30. Kg2 Nd7 31. Re1 Nf6 32. Qe3 a5 33. Bb2 e5 34. Rcd1 Rf8 35. Kg1 Qc7 36. Re2 h5 37. Red2 Kh7 38. Qe2 Bh6 39. Rd3 e4 40. Rd4 Qe7 41. Ba3 e3 42. f3 Qe5 43. f4 Qe8 44. Bxd6 Rxd6 45. Rxd6 Ne4 46. Rd7+ Bg7 47. Qxe3 Kh8 48. Re1 Nf6 49. Qxe8 Nxe8 50. Ree7 Kh7 51. Kf1 Kh6 52. Bg2 Rh8 53. Rd8 Nf6 54. Rxh8+ Bxh8 55. Re6 Kg7 56. Rxb6 Kf7 57. c5 1-0

[Event "BL 1617 (Women)"]
[Site "Germany"]
[Date "2017.01.22"]
[Round "4.2"]
[White "Sherif, Amina"]
[Black "Melamed, Tatiana"]
[Result "0-1"]
[WhiteElo "1980"]
[BlackElo "2331"]
[PlyCount "110"]
[EventDate "2016.10.22"]
[EventType "team-tourn"]
[EventRounds "11"]
[EventCountry "GER"]
[SourceTitle "EXT 2018"]
[Source "ChessBase"]
[SourceDate "2017.10.13"]
[SourceVersion "1"]
[SourceVersionDate "2017.10.13"]
[SourceQuality "1"]
[WhiteTeam "Harksheide (W)"]
[BlackTeam "Bad Koenigshofen (W)"]
[WhiteTeamCountry "GER"]
[BlackTeamCountry "GER"]

1. d4 Nf6 2. Nf3 g6 3. Nbd2 Bg7 4. g3 0-0 5. Bg2 c5 6. c3 d6 7. 0-0 cxd4 8. cxd4 Nc6 9. Re1 Qb6 10. Nc4 Qa6 11. b3 Bf5 12. Bb2 Rac8 13. Nh4 Be4 14. a3 Bxg2 15. Kxg2 d5 16. Ne5 Ne4 17. Nhf3 Na5 18. Nd3 Qb5 19. Nb4 Rc7 20. Rc1 Rfc8 21. Rxc7 Rxc7 22. Ne5 Bh6 23. e3 e6 24. Ned3 Bf8 25. Ba1 Qd7 26. Bb2 Qc8 27. Ba1 Nc3 28. Qc2 Ne4 29. Qd1 b6 30. Kf1 Nb7 31. Bb2 a5 32. Na2 Nbd6 33. Kg2 Nb5 34. a4 Nbd6 35. Kg1 h5 36. h4 Nf5 37. Qb1 Nd2 38. Qd1 Ne4 39. Qb1 Qb8 40. Nf4 Bd6 41. Rc1 Bxf4 42. exf4 Qc8 43. Rxc7 Qxc7 44. Qd3 Nxh4 45. gxh4 Qxf4 46. Qe2 Nd2 47. Bc1 Nf3+ 48. Kf1 Qg4 49. Qe3 Nxh4 50. Nc3 Nf5 51. Qd3 h4 52. Ne2 h3 53. Ng3 h2 54. Kg2 h1Q+ 55. Kxh1 Qh3+ 0-1

[Event "BL 1617 (Women)"]
[Site "Germany"]
[Date "2016.10.23"]
[Round "2.3"]
[White "Sherif, Amina"]
[Black "Koepke, Elena"]
[Result "1-0"]
[WhiteElo "1980"]
[BlackElo "2340"]
[PlyCount "105"]
[EventDate "2016.10.22"]
[EventType "team-tourn"]
[EventRounds "11"]
[EventCountry "GER"]
[SourceTitle "EXT 2018"]
[Source "ChessBase"]
[SourceDate "2017.10.13"]
[SourceVersion "1"]
[SourceVersionDate "2017.10.13"]
[SourceQuality "1"]
[WhiteTeam "Harksheide (W)"]
[BlackTeam "Deizisau (W)"]
[WhiteTeamCountry "GER"]
[BlackTeamCountry "GER"]

1. d4 Nf6 2. Nf3 e6 3. e3 b6 4. Bd3 Bb7 5. 0-0 d6 6. c4 Nbd7 7. Nc3 Be7 8. b3 c5 9. Bb2 a6 10. Re1 Qc7 11. e4 cxd4 12. Nxd4 0-0 13. Kh1 Rfd8 14. f4 Bf8 15. f5 Re8 16. Bc2 Ne5 17. fxe6 fxe6 18. Nf3 Rad8 19. Qe2 Ng6 20. Rad1 Bc6 21. Rd2 Qb7 22. Nd4 Bd7 23. Red1 Qc7 24. Nf3 Bc6 25. Rf1 Ba8 26. Nd1 e5 27. Nc3 Nf4 28. Qf2 Qc5 29. Qxc5 bxc5 30. Nd5 N4xd5 31. exd5 Bb7 32. Bf5 Bc8 33. Ng5 Bxf5 34. Rxf5 Rb8 35. Bc3 h6 36. Ne6 Ne4 37. Rd3 Nxc3 38. Rxc3 Be7 39. Rg3 g5 40. h4 Rb7 41. h5 Bf8 42. Rf6 Rf7 43. Rgf3 Rxf6 44. Rxf6 Be7 45. Rxh6 a5 46. g4 e4 47. Kg2 Kf7 48. Rg6 a4 49. Rg7+ Kf6 50. Rxg5 Bd8 51. Rf5+ Ke7 52. g5 Rh8 53. g6 1-0

[Event "BL 1617 (Women)"]
[Site "Germany"]
[Date "2016.10.22"]
[Round "1.2"]
[White "Sherif, Amina"]
[Black "Daulyte Cornette, Deimante"]
[Result "0-1"]
[WhiteElo "1980"]
[BlackElo "2429"]
[PlyCount "72"]
[EventDate "2016.10.22"]
[EventType "team-tourn"]
[EventRounds "11"]
[EventCountry "GER"]
[SourceTitle "EXT 2018"]
[Source "ChessBase"]
[SourceDate "2017.10.13"]
[SourceVersion "1"]
[SourceVersionDate "2017.10.13"]
[SourceQuality "1"]
[WhiteTeam "Harksheide (W)"]
[BlackTeam "Schwaebisch Hall (W)"]
[WhiteTeamCountry "GER"]
[BlackTeamCountry "GER"]

1. d4 Nf6 2. Nf3 g6 3. Bf4 Bg7 4. e3 0-0 5. Be2 d6 6. h3 c5 7. c3 b6 8. 0-0 Bb7 9. a4 a6 10. Nbd2 Nbd7 11. Rb1 cxd4 12. exd4 Nd5 13. Bh2 Bh6 14. Re1 N7f6 15. Qb3 Nf4 16. Bf1 Rb8 17. g4 Qd7 18. Bg3 Ne6 19. Bg2 Nd5 20. Ne4 Ndf4 21. Bf1 b5 22. axb5 axb5 23. Rbd1 Bd5 24. Qc2 f5 25. gxf5 gxf5 26. Ned2 Qe8 27. b3 Qh5 28. Nh4 Bg5 29. c4 Nxd4 30. Qb2 Nde2+ 31. Kh2 bxc4 32. Bxe2 Nxe2 33. Nf1 Nxg3 34. Nxg3 Qxh4 35. Rxd5 Rxb3 36. Qe2 Kh8 0-1

[Event "Olympiad Women-42"]
[Site "Baku"]
[Date "2016.09.12"]
[Round "10.3"]
[White "Partac, Elena"]
[Black "Sherif, Amina"]
[Result "1-0"]
[WhiteElo "2086"]
[BlackElo "2028"]
[PlyCount "47"]
[EventDate "2016.09.02"]
[EventType "team-swiss"]
[EventRounds "11"]
[EventCountry "AZE"]
[SourceTitle "CBM 174 Extra"]
[Source "ChessBase"]
[SourceDate "2016.10.10"]
[SourceVersion "1"]
[SourceVersionDate "2016.10.10"]
[SourceQuality "1"]
[WhiteTeam "Moldova (W)"]
[BlackTeam "Egypt (W)"]
[WhiteTeamCountry "MDA"]
[BlackTeamCountry "EGY"]

1. e4 d5 2. exd5 Qxd5 3. Nc3 Qd6 4. g3 e5 5. Bg2 Nf6 6. Nge2 c6 7. h3 Bf5 8. d4 exd4 9. Nxd4 Bg6 10. 0-0 Be7 11. Ndb5 Qd8 12. Bf4 Qxd1 13. Nc7+ Kd8 14. Raxd1+ Nbd7 15. Nxa8 Kc8 16. g4 Nc5 17. Nc7 Bd8 18. N7b5 cxb5 19. Nxb5 Bc7 20. Nxc7 a6 21. Nd5 Nxd5 22. Rxd5 Ne6 23. Bg3 h5 24. Rfd1 1-0

[Event "Olympiad Women-42"]
[Site "Baku"]
[Date "2016.09.06"]
[Round "5.3"]
[White "Sherif, Amina"]
[Black "Mazariegos, Silvia Carolina"]
[Result "1-0"]
[WhiteElo "2028"]
[BlackElo "1942"]
[PlyCount "117"]
[EventDate "2016.09.02"]
[EventType "team-swiss"]
[EventRounds "11"]
[EventCountry "AZE"]
[SourceTitle "CBM 174 Extra"]
[Source "ChessBase"]
[SourceDate "2016.10.10"]
[SourceVersion "1"]
[SourceVersionDate "2016.10.10"]
[SourceQuality "1"]
[WhiteTeam "Egypt (W)"]
[BlackTeam "Guatemala (W)"]
[WhiteTeamCountry "EGY"]
[BlackTeamCountry "GUA"]

1. d4 d6 2. Nf3 Nc6 3. Bf4 g6 4. e3 Bg7 5. c3 Nf6 6. h3 0-0 7. Be2 Re8 8. 0-0 Bf5 9. Bh2 e5 10. a4 e4 11. Nfd2 h5 12. c4 Bh6 13. Nc3 Nb4 14. a5 Qd7 15. Nb3 c6 16. Qd2 Na6 17. Rfb1 Nc7 18. Nc1 Rad8 19. b4 h4 20. b5 Ne6 21. a6 cxb5 22. axb7 Ng5 23. Rxa7 Rb8 24. Nxb5 Bf8 25. Nc3 Bxh3 26. gxh3 Qxh3 27. Qd1 Nf3+ 28. Bxf3 exf3 29. Qf1 Qg4+ 30. Kh1 Qf5 31. Nd3 Ng4 32. Nf4 Bh6 33. Rb5 Qc2 34. Nd1 Qxd1 35. Qxd1 Nxf2+ 36. Kg1 Nxd1 37. Nd5 Nxe3 38. Nf6+ Kg7 39. Nxe8+ Rxe8 40. b8Q Rxb8 41. Rxb8 Nxc4 42. Kf2 Be3+ 43. Kxf3 Bxd4 44. Ra4 Ne5+ 45. Kg2 Bc5 46. Rxh4 g5 47. Ra4 f5 48. Rc8 f4 49. Re4 Kf6 50. Rf8+ Ke6 51. Bg1 Kd5 52. Ra4 f3+ 53. Kf1 g4 54. Bxc5 dxc5 55. Rd8+ Ke6 56. Re8+ Kd5 57. Rf4 Nc4 58. Rd8+ Nd6 59. Rf6 1-0

[Event "Olympiad Women-42"]
[Site "Baku"]
[Date "2016.09.03"]
[Round "2.12"]
[White "Dragomirescu, Angela"]
[Black "Sherif, Amina"]
[Result "1/2-1/2"]
[WhiteElo "2227"]
[BlackElo "2028"]
[PlyCount "90"]
[EventDate "2016.09.02"]
[EventType "team-swiss"]
[EventRounds "11"]
[EventCountry "AZE"]
[SourceTitle "CBM 174 Extra"]
[Source "ChessBase"]
[SourceDate "2016.10.10"]
[SourceVersion "1"]
[SourceVersionDate "2016.10.10"]
[SourceQuality "1"]
[WhiteTeam "Romania (W)"]
[BlackTeam "Egypt (W)"]
[WhiteTeamCountry "ROU"]
[BlackTeamCountry "EGY"]

1. d4 d5 2. c4 dxc4 3. Na3 Nc6 4. d5 Ne5 5. Qd4 Ng6 6. e4 e6 7. Bxc4 Nf6 8. Ne2 exd5 9. exd5 Bd6 10. 0-0 0-0 11. Nb5 Be5 12. Qd3 a6 13. Nbc3 b5 14. Bb3 Bb7 15. Rd1 Qd7 16. Bg5 h6 17. Bxf6 Bxf6 18. a4 b4 19. Ne4 Be7 20. Rac1 Rfd8 21. Qc2 Rac8 22. a5 Qb5 23. Nd4 Qxa5 24. Nc6 Bxc6 25. Qxc6 Ne5 26. Qc2 Qb6 27. Qe2 Nd7 28. Rc6 Qb7 29. Bc4 Nb8 30. Bxa6 Nxa6 31. Qxa6 Qxa6 32. Rxa6 c6 33. d6 f5 34. d7 Rc7 35. Ng3 Rdxd7 36. Rxd7 Rxd7 37. Rxc6 Rd1+ 38. Nf1 Rb1 39. g3 Rxb2 40. Ne3 Bf6 41. Nxf5 Bc3 42. Kf1 Kf8 43. Ne3 Rd2 44. Nc4 Rd5 45. Ke2 Ke7 1/2-1/2

[Event "GER-chT Federal Cup (Women)"]
[Site "Braunfels"]
[Date "2016.05.28"]
[Round "4.3"]
[White "Sherif, Amina"]
[Black "Daemering, Katrin"]
[Result "1-0"]
[WhiteElo "2018"]
[BlackElo "2022"]
[PlyCount "79"]
[EventDate "2016.05.26"]
[EventType "team-swiss"]
[EventRounds "5"]
[EventCountry "GER"]
[SourceTitle "EXT 2019"]
[Source "ChessBase"]
[SourceDate "2018.10.10"]
[SourceVersion "1"]
[SourceVersionDate "2018.10.10"]
[SourceQuality "1"]
[WhiteTeam "Nordrhein Westfalen (W)"]
[BlackTeam "Sachsen (W)"]
[WhiteTeamCountry "GER"]
[BlackTeamCountry "GER"]

1. d4 Nf6 2. Nf3 g6 3. Bf4 d6 4. h3 Bg7 5. e3 0-0 6. Be2 c5 7. c3 Nbd7 8. 0-0 b6 9. a4 Bb7 10. Na3 Rc8 11. a5 bxa5 12. Nc4 Bxf3 13. gxf3 cxd4 14. cxd4 Nd5 15. Bg3 N7f6 16. Nxa5 Qd7 17. Kg2 Nh5 18. Bh2 Qf5 19. Bd3 Qg5+ 20. Kh1 Qh4 21. Kg2 Bh6 22. Qe2 e5 23. dxe5 dxe5 24. Bc4 Nb6 25. Bb3 Rfe8 26. Rfc1 Rxc1 27. Rxc1 Qb4 28. Qa6 e4 29. f4 Qe7 30. Nc6 Qf6 31. Qxa7 Nc8 32. Qc5 Qxb2 33. Qd5 Qf6 34. Ne5 Nd6 35. Ng4 Qe7 36. Nxh6+ Kg7 37. Ng4 f5 38. Qd4+ Nf6 39. Nxf6 Qxf6 40. Rc7+ 1-0

[Event "Arber op (Women) 3rd"]
[Site "Bayerisch Eisenstein"]
[Date "2015.08.06"]
[Round "6"]
[White "Ries, Jutta"]
[Black "Sherif, Amina"]
[Result "1-0"]
[WhiteElo "1977"]
[BlackElo "1937"]
[PlyCount "119"]
[EventDate "2015.08.01"]
[EventType "swiss"]
[EventRounds "9"]
[EventCountry "GER"]
[SourceTitle "EXT 2016"]
[Source "ChessBase"]
[SourceDate "2015.10.08"]
[SourceVersion "1"]
[SourceVersionDate "2015.10.08"]
[SourceQuality "1"]

1. f4 d5 2. Nf3 g6 3. e3 Bg7 4. Nc3 c5 5. Bb5+ Nc6 6. 0-0 Nf6 7. Ne5 Bd7 8. Bxc6 Bxc6 9. Nxc6 bxc6 10. d3 0-0 11. e4 Re8 12. Qf3 e6 13. Kh1 Qb6 14. Rb1 Rad8 15. f5 exf5 16. exf5 Qb4 17. Bg5 Rd6 18. Qg3 Red8 19. a3 Qb7 20. Qh4 Rf8 21. Rf3 Qc8 22. Rbf1 Qd8 23. Rh3 h5 24. g4 Qd7 25. gxh5 Nxh5 26. Ne2 Re8 27. Ng3 Nxg3+ 28. hxg3 gxf5 29. Qh7+ Kf8 30. Rxf5 Qe6 31. Rf2 Qe1+ 32. Kg2 Re2 33. Qf5 Qxf2+ 34. Qxf2 Rxf2+ 35. Kxf2 Bxb2 36. Rh4 Bd4+ 37. Kf3 Rd7 38. Rh6 f6 39. Bxf6 Bxf6 40. Rxf6+ Rf7 41. Rxf7+ Kxf7 42. Kf4 Kf6 43. g4 c4 44. dxc4 dxc4 45. c3 a6 46. a4 a5 47. g5+ Kg6 48. Kg4 Kg7 49. Kf5 Kf7 50. g6+ Kg7 51. Kg5 Kg8 52. Kf6 Kf8 53. Ke6 Kg7 54. Kd6 Kxg6 55. Kxc6 Kf6 56. Kb5 Ke6 57. Kxc4 Kd6 58. Kb5 Kd5 59. c4+ Kd6 60. Kb6 1-0